[Event "Budapest FS03 IM"]
[Site "Budapest"]
[Date "2018.03.10"]
[Round "6"]
[White "Pajeken, Jakob Leon"]
[Black "Boguszlavszkij, Jevgenyij"]
[Result "1-0"]
[WhiteElo "2162"]
[BlackElo "2173"]
[PlyCount "99"]
[EventDate "2018.03.03"]
[EventType "tourn"]
[EventRounds "9"]
[EventCountry "HUN"]
[SourceTitle "CBM 183 Extra"]
[Source "ChessBase"]
[SourceDate "2018.04.19"]
[SourceVersion "1"]
[SourceVersionDate "2018.04.19"]
[SourceQuality "1"]

1. e4 g6 2. d4 c6 3. Nc3 d5 4. Nf3 Bg7 5. h3 dxe4 6. Nxe4 Nd7 7. Bc4 Ngf6 8. Nxf6+ Nxf6 9. 0-0 0-0 10. Re1 Qc7 11. Ne5 Nd5 12. Qf3 e6 13. c3 b5 14. Bxd5 exd5 15. Bf4 Qb6 16. Nd3 Bf5 17. Nc5 Rae8 18. g4 Bc8 19. Bd6 Qd8 20. Bxf8 Rxf8 21. Qe3 Qh4 22. Qg3 Qd8 23. Nd3 Bf6 24. Ne5 Qc7 25. Qf4 Bd8 26. Nd3 Qb6 27. Re2 Bc7 28. Qh6 Bd6 29. Rae1 Qd8 30. Ne5 Qc7 31. Nf3 f6 32. Re8 Bd7 33. R1e7 Bxe7 34. Rxe7 Rf7 35. Rxf7 Kxf7 36. Qxh7+ Ke6 37. Qxg6 Qf4 38. Ne5 Kd6 39. Nxd7 Kxd7 40. Kg2 Ke7 41. Qd3 Kf7 42. Qe3 Qb8 43. h4 b4 44. Qg3 Qb7 45. g5 bxc3 46. bxc3 Kg6 47. Qd6 Qb1 48. Qxf6+ Kh5 49. g6 Kg4 50. Qg5# 1-0

[Event "Budapest FS03 IM"]
[Site "Budapest"]
[Date "2018.03.09"]
[Round "5"]
[White "Boguszlavszkij, Jevgenyij"]
[Black "Karn, Torsten"]
[Result "1/2-1/2"]
[WhiteElo "2173"]
[BlackElo "2082"]
[PlyCount "60"]
[EventDate "2018.03.03"]
[EventType "tourn"]
[EventRounds "9"]
[EventCountry "HUN"]
[SourceTitle "CBM 183 Extra"]
[Source "ChessBase"]
[SourceDate "2018.04.19"]
[SourceVersion "1"]
[SourceVersionDate "2018.04.19"]
[SourceQuality "1"]

1. e4 d5 2. exd5 Qxd5 3. Nc3 Qd6 4. d4 Nf6 5. Nge2 Bg4 6. f3 Bf5 7. Ng3 Bg6 8. Nce4 Qb6 9. c3 Nc6 10. Qb3 0-0-0 11. Qxb6 axb6 12. Bb5 e5 13. dxe5 Nxe4 14. Nxe4 Nxe5 15. 0-0 Bxe4 16. fxe4 Bc5+ 17. Kh1 Ng4 18. h3 Nf2+ 19. Kh2 Nxe4 20. Bf4 Bd6 21. Rae1 Bxf4+ 22. Rxf4 Nd6 23. Ba4 f6 24. Re7 Rhg8 25. Bb3 Rde8 26. Bxg8 Rxe7 27. Bxh7 Re2 28. Rb4 Kd7 29. Bg8 Re8 30. Bd5 Re5 1/2-1/2

[Event "HUN-chT2 Maroczy 1718"]
[Site "Hungary"]
[Date "2018.03.04"]
[Round "7.4"]
[White "Boguszlavszkij, Jevgenyij"]
[Black "Vegh, Endre"]
[Result "1/2-1/2"]
[WhiteElo "2173"]
[BlackElo "2267"]
[PlyCount "28"]
[EventDate "2017.10.29"]
[EventType "team-tourn"]
[EventRounds "9"]
[EventCountry "HUN"]
[SourceTitle "EXT 2021"]
[Source "ChessBase"]
[SourceDate "2020.10.23"]
[SourceVersion "1"]
[SourceVersionDate "2020.10.23"]
[SourceQuality "1"]
[WhiteTeam "Budapest Vasas"]
[BlackTeam "Dunaharaszti II"]
[WhiteTeamCountry "HUN"]
[BlackTeamCountry "HUN"]

1. e4 c5 2. Nf3 d6 3. g3 Nf6 4. Nc3 Nc6 5. Bg2 g6 6. d4 cxd4 7. Nxd4 Nxd4 8. Qxd4 Bg7 9. 0-0 0-0 10. Qd3 a6 11. Nd5 Nxd5 12. exd5 Bf5 13. Qe2 Rc8 14. c3 Re8 1/2-1/2

[Event "HUN-chT2 Maroczy 1718"]
[Site "Hungary"]
[Date "2018.01.28"]
[Round "5.5"]
[White "Suto, Gabor"]
[Black "Boguszlavszkij, Jevgenyij"]
[Result "1/2-1/2"]
[WhiteElo "2169"]
[BlackElo "2173"]
[PlyCount "106"]
[EventDate "2017.10.29"]
[EventType "team-tourn"]
[EventRounds "9"]
[EventCountry "HUN"]
[SourceTitle "EXT 2021"]
[Source "ChessBase"]
[SourceDate "2020.10.23"]
[SourceVersion "1"]
[SourceVersionDate "2020.10.23"]
[SourceQuality "1"]
[WhiteTeam "Miskolc KisBocsok"]
[BlackTeam "Budapest Vasas"]
[WhiteTeamCountry "HUN"]
[BlackTeamCountry "HUN"]

1. d4 Nf6 2. c4 e6 3. Nf3 d5 4. Nc3 Nbd7 5. Bg5 c6 6. e3 Qa5 7. Nd2 dxc4 8. Bxf6 Nxf6 9. Nxc4 Qc7 10. Rc1 Nd5 11. Bd3 Nxc3 12. bxc3 Be7 13. 0-0 b6 14. f4 Bb7 15. Qg4 g6 16. Ne5 Bd6 17. Qh3 c5 18. Bb5+ Ke7 19. Be2 Rac8 20. Bf3 h5 21. Bxb7 Qxb7 22. Qf3 Qxf3 23. Nxf3 Rhd8 24. Kf2 Rc7 25. Ke2 Ke8 26. Nd2 Be7 27. Nf3 Rdc8 28. Kd2 cxd4 29. exd4 Ba3 30. Rc2 b5 31. Kd3 a6 32. Rb1 f6 33. g3 Kf7 34. Rb3 Bd6 35. Rb1 Rd7 36. Re2 Rc4 37. Nd2 Rc6 38. Nf3 Rdc7 39. Rc2 Rc8 40. Rb3 Rc4 41. Nd2 h4 42. Rbb2 R4c6 43. c4 hxg3 44. hxg3 bxc4+ 45. Rxc4 Ke7 46. Rb7+ R6c7 47. Rb6 a5 48. Rxc7+ Rxc7 49. Nc4 Bb4 50. g4 Rd7 51. Rb5 Rd5 52. Rb7+ Rd7 53. Rb5 Rd5 1/2-1/2